Desarrollo de la idea de Roma en su siglo de oro.
Saved in:
| Main Author: | |
|---|---|
| Format: | Book |
| Language: | Spanish |
| Published: |
Madrid, España:
Talleres Gráficos Montaña,
1952.
|
| Series: | Colección Cauce, 6.
|
| Subjects: | |
| Tags: |
Add Tag
No Tags, Be the first to tag this record!
|
MARC
| LEADER | 00000nam a2200000 a 4500 | ||
|---|---|---|---|
| 001 | UCP9465 | ||
| 003 | CL-VaPUC | ||
| 005 | 20220822114342.0 | ||
| 008 | 000324e19520000SP |||||||||||||||||spa|d | ||
| 999 | |c 286277 |d 286275 | ||
| 040 | |c Pontificia Universidad Católica de Valparaíso | ||
| 082 | 0 | 4 | |a 937.05 MAG 1952 |2 21 |
| 100 | |a Magariños, Antonio |e autor |9 440063 | ||
| 245 | 1 | 0 | |a Desarrollo de la idea de Roma en su siglo de oro. |
| 260 | |a Madrid, España: |b Talleres Gráficos Montaña, |c 1952. | ||
| 300 | |a 218 páginas. | ||
| 490 | 0 | |a Colección Cauce, 6. | |
| 500 | |a c.2 Donación Familia Prof. Alejandro Guzmán Brito. | ||
| 583 | |a last modification |c 20000324 00:00:00 |k Rodrigo Vera | ||
| 600 | 0 | 7 | |a Lucrecio, |d 99 A.C.-55 A.C. |9 861185 |
| 600 | 0 | 7 | |a Catulo, Cayo Valerio |9 325519 |
| 600 | 0 | |a Cicerón, Marco Tulio |e autor |9 255203 | |
| 600 | 0 | |a Cleopatra |9 352620 | |
| 600 | 0 | |a Augusto |d 63 a.C.-14 d.C |9 319472 | |
| 650 | 0 | |a Historia antigua |9 267521 |z Roma |z Grecia | |
| 942 | |c BK |2 ddc |n 0 | ||
| 945 | |d 20000324 00:00:00 |a rherrera | ||
| 952 | |0 0 |1 0 |4 0 |6 937_050000000000000_MAG_1952 |7 0 |8 A |9 331801 |a BIBHIS |b BIBHIS |d 2019-11-20 |i 1260294 |o 937.05 MAG 1952 |p 1260294 |r 2025-01-20 |w 2019-11-20 |y BK |k HIS | ||